[Event "Dortmund Sparkassen op-A 51st"]
[Site "Dortmund"]
[Date "2024.08.17"]
[Round "8"]
[White "Eckert, Marius"]
[Black "Winkler, Yonathan"]
[Result "0-1"]
[WhiteElo "2129"]
[BlackElo "2047"]
[PlyCount "74"]
[EventDate "2024.08.10"]
[EventType "swiss"]
[EventRounds "9"]
[EventCountry "GER"]
[SourceTitle "CBM 221 Extra"]
[Source "ChessBase"]
[SourceDate "2024.09.30"]
[SourceVersion "1"]
[SourceVersionDate "2024.09.30"]
[SourceQuality "1"]

1. c4 e5 2. g3 Nc6 3. Bg2 f5 4. d3 Nf6 5. Nc3 Bc5 6. e3 0-0 7. Nge2 d6 8. 0-0 Ne7 9. Na4 Bb6 10. Nxb6 axb6 11. f4 c6 12. b3 Qc7 13. Bb2 Be6 14. h3 h6 15. Qc2 c5 16. Kh2 Nc6 17. Nc3 Rad8 18. Nb5 Qb8 19. d4 exd4 20. exd4 d5 21. dxc5 bxc5 22. Rfe1 Nb4 23. Qe2 Ne4 24. a3 Nc6 25. cxd5 Bxd5 26. Qc2 b6 27. Rad1 Qb7 28. Bf1 Na5 29. Re3 Qf7 30. b4 Bb3 31. Rxb3 Qxb3 32. Qxb3+ Nxb3 33. Bc4+ Kh8 34. Bxb3 Rxd1 35. Bxd1 Rd8 36. bxc5 Rd2+ 37. Kg1 Rxd1+ 0-1

[Event "Dortmund Sparkassen op-A 51st"]
[Site "Dortmund"]
[Date "2024.08.15"]
[Round "6"]
[White "Eckert, Marius"]
[Black "Conrad, Joachim"]
[Result "1-0"]
[WhiteElo "2129"]
[BlackElo "1994"]
[PlyCount "67"]
[EventDate "2024.08.10"]
[EventType "swiss"]
[EventRounds "9"]
[EventCountry "GER"]
[SourceTitle "CBM 221 Extra"]
[Source "ChessBase"]
[SourceDate "2024.09.30"]
[SourceVersion "1"]
[SourceVersionDate "2024.09.30"]
[SourceQuality "1"]

1. d4 d6 2. Bf4 Nd7 3. Nf3 g6 4. e3 Bg7 5. Bc4 Nb6 6. Bb3 Nf6 7. h3 c6 8. c4 d5 9. cxd5 Nbxd5 10. Be5 Qa5+ 11. Nbd2 Nh5 12. Bh2 Nhf6 13. 0-0 Qd8 14. Qe2 Nc7 15. Rfe1 0-0 16. Rad1 a5 17. a3 a4 18. Ba2 Ra5 19. e4 Rh5 20. Nb1 Bxh3 21. gxh3 Rxh3 22. Kg2 Qc8 23. Ne5 Rh5 24. Bg3 Qh3+ 25. Kf3 Nb5 26. Qf1 Qc8 27. Nc3 Nd6 28. Qd3 Qh3 29. Rh1 Qxh1+ 30. Rxh1 Rxh1 31. Kg2 Rh5 32. Nf3 Nb5 33. e5 Nd7 34. Nxb5 1-0

[Event "Dortmund Sparkassen op-A 51st"]
[Site "Dortmund"]
[Date "2024.08.12"]
[Round "3"]
[White "Samadov, Read"]
[Black "Eckert, Marius"]
[Result "1-0"]
[WhiteElo "2509"]
[BlackElo "2129"]
[PlyCount "75"]
[EventDate "2024.08.10"]
[EventType "swiss"]
[EventRounds "9"]
[EventCountry "GER"]
[SourceTitle "CBM 221 Extra"]
[Source "ChessBase"]
[SourceDate "2024.09.30"]
[SourceVersion "1"]
[SourceVersionDate "2024.09.30"]
[SourceQuality "1"]

1. d4 d5 2. c4 c6 3. Nf3 Nf6 4. Nc3 e6 5. Bg5 h6 6. Bxf6 Qxf6 7. Qb3 Nd7 8. e4 dxe4 9. Nxe4 Qf5 10. Bd3 Qa5+ 11. Kf1 Be7 12. Re1 0-0 13. Bb1 e5 14. Ng3 Bb4 15. Qc2 f5 16. Re2 e4 17. Nh4 Nf6 18. c5 Nd5 19. a3 Qd8 20. Nhxf5 Rxf5 21. Nxf5 Bxf5 22. axb4 Qf6 23. Ba2 Qxd4 24. Qc3 Qd1+ 25. Re1 Qh5 26. Bxd5+ cxd5 27. Qd4 Bd7 28. h3 Rf8 29. Kg1 Kh8 30. Re3 Bb5 31. Rg3 Rf7 32. Kh2 a6 33. Re1 Qf5 34. f3 Bd3 35. Rc1 Qf4 36. Qxd5 Rf5 37. Qd8+ Kh7 38. Qd6 1-0

[Event "Muensterland op 38th"]
[Site "Muenster"]
[Date "2021.10.11"]
[Round "5"]
[White "Asadzade, Idris"]
[Black "Eckert, Marius"]
[Result "1-0"]
[WhiteElo "2250"]
[BlackElo "2144"]
[PlyCount "183"]
[EventDate "2021.10.08"]
[EventType "swiss"]
[EventRounds "9"]
[EventCountry "GER"]
[SourceTitle "EXT 2023"]
[Source "ChessBase"]
[SourceDate "2022.10.05"]
[SourceVersion "1"]
[SourceVersionDate "2022.10.05"]
[SourceQuality "1"]

1. c4 e6 2. Nf3 d5 3. g3 Nf6 4. Bg2 Be7 5. 0-0 0-0 6. d4 dxc4 7. Ne5 Nc6 8. Bxc6 bxc6 9. Nxc6 Qe8 10. Nxe7+ Qxe7 11. Qc2 e5 12. Rd1 Bb7 13. dxe5 Qxe5 14. Nc3 Qh5 15. Rd4 Ng4 16. h4 Ne5 17. Rf4 Rfe8 18. Be3 Ng6 19. Rxc4 Rxe3 20. fxe3 Qe5 21. Kf2 Qe6 22. Re4 Qf5+ 23. Ke1 Qh3 24. Kd2 Qxg3 25. Rb4 c5 26. Rxb7 Rd8+ 27. Qd3 Rxd3+ 28. Kxd3 Ne5+ 29. Kc2 h6 30. Rd1 Qxe3 31. Rxa7 Nc6 32. Rc7 Nd4+ 33. Kb1 Qe5 34. Ra7 Qf5+ 35. e4 Qf2 36. Rc7 Ne6 37. Rc8+ Kh7 38. a4 Nd4 39. Rxc5 Qc2+ 40. Ka2 Qb3+ 41. Ka1 Ne2 42. Re1 Nd4 43. Rd1 Nc2+ 44. Kb1 Na3+ 45. Ka1 Nc4 46. Rb1 Nxb2 47. Na2 Qxa4 48. Rxb2 Qxe4 49. Rb4 Qe1+ 50. Kb2 Qf2+ 51. Rc2 Qe1 52. Nc3 Qh1 53. Re2 Qf3 54. Ree4 Qg2+ 55. Kb3 Qf2 56. Rf4 Qa7 57. Rg4 Qd7 58. Rg2 Qe6+ 59. Kb2 Qc6 60. Re2 Qf6 61. Ree4 Qf2+ 62. Kb3 Qa7 63. Rb5 Qd7 64. Rbe5 Qh3 65. Rf4 Qg3 66. Ref5 f6 67. h5 Qg1 68. Rb5 Qg2 69. Re4 Qf3 70. Re7 Qf4 71. Rbb7 Qg3 72. Kc4 Qg4+ 73. Kd3 Qf3+ 74. Kd4 Qg4+ 75. Ne4 Qd1+ 76. Kc4 Qe2+ 77. Kb4 Qb2+ 78. Kc5 Qa3+ 79. Kc6 Qa4+ 80. Kc7 Qa5+ 81. Kc8 Qa8+ 82. Kc7 Qa5+ 83. Kd6 Qa6+ 84. Kc5 Qa3+ 85. Kd4 Qa1+ 86. Nc3 Qg1+ 87. Kc4 Qg4+ 88. Kb3 Qg3 89. Kb4 Qf4+ 90. Ne4 f5 91. Rxg7+ Kh8 92. Rge7 1-0

[Event "Heusenstamm Sparkassen op-A 6th"]
[Site "Heusenstamm"]
[Date "2019.11.23"]
[Round "4"]
[White "Eckert, Marius"]
[Black "Chassard, Cedric"]
[Result "0-1"]
[WhiteElo "2086"]
[BlackElo "2037"]
[PlyCount "72"]
[EventDate "2019.11.21"]
[EventType "swiss"]
[EventRounds "7"]
[EventCountry "GER"]
[SourceTitle "CBM 194 Extra"]
[Source "ChessBase"]
[SourceDate "2020.03.31"]
[SourceVersion "1"]
[SourceVersionDate "2020.03.31"]
[SourceQuality "1"]

1. d4 Nf6 2. Bf4 d5 3. e3 c5 4. c3 Nc6 5. Nd2 e6 6. Ngf3 Bd6 7. Bg3 0-0 8. Bd3 b6 9. e4 Be7 10. e5 Nh5 11. Ng5 Bxg5 12. Qxh5 g6 13. Qe2 cxd4 14. h4 Bh6 15. h5 dxc3 16. bxc3 Bg7 17. hxg6 hxg6 18. Bh4 Qc7 19. f4 f6 20. Bxg6 fxe5 21. Qh5 Rxf4 22. Qh7+ Kf8 23. g3 Rf5 24. g4 Rf4 25. Bg5 Ne7 26. Bh5 Qxc3 27. Bxe7+ Kxe7 28. Qxg7+ Kd6 29. Rb1 Qe3+ 30. Kd1 Rf2 31. Rb2 Ba6 32. Re1 Be2+ 33. Kc1 Rc8+ 34. Rc2 Rxc2+ 35. Kxc2 Qd3+ 36. Kc1 Qc3+ 0-1

[Event "Dortmund Sparkassen op 47th"]
[Site "Dortmund"]
[Date "2019.07.20"]
[Round "8"]
[White "Eckert, Marius"]
[Black "Bock, Juergen"]
[Result "1/2-1/2"]
[WhiteElo "2090"]
[BlackElo "2268"]
[PlyCount "97"]
[EventDate "2019.07.13"]
[EventType "swiss"]
[EventRounds "9"]
[EventCountry "GER"]
[SourceTitle "EXT 2020"]
[Source "ChessBase"]
[SourceDate "2019.10.17"]
[SourceVersion "1"]
[SourceVersionDate "2019.10.17"]
[SourceQuality "1"]

1. d4 d5 2. Bf4 c5 3. e3 cxd4 4. exd4 Nc6 5. c3 Nf6 6. Bd3 Bg4 7. Nf3 e6 8. Nbd2 Be7 9. Qb3 Qc8 10. Ne5 Bh5 11. h3 Nxe5 12. Bxe5 0-0 13. 0-0 Bg6 14. Bxg6 hxg6 15. a4 Qc6 16. Rfe1 Ne8 17. Nf3 Nd6 18. Bxd6 Bxd6 19. Ne5 Bxe5 20. Rxe5 b6 21. Qb5 Rfc8 22. Qxc6 Rxc6 23. Kf1 Rb8 24. Ke2 a6 25. Kd3 Rbc8 26. Re2 Kf8 27. Ree1 Ke7 28. Re2 Kd6 29. Ree1 R8c7 30. Re2 Rc8 31. Ree1 Ke7 32. Re2 g5 33. Ree1 Kf6 34. Rec1 b5 35. axb5 axb5 36. b4 R8c7 37. Ra5 Rb7 38. Re1 Ke7 39. Re2 Kd6 40. Rea2 e5 41. dxe5+ Kxe5 42. Ra7 Rbc7 43. Rxc7 Rxc7 44. Ra5 Rb7 45. Ra6 f6 46. Ke3 Rc7 47. Kd3 Rb7 48. Ke3 Rc7 49. Kd3 1/2-1/2

[Event "Dortmund Sparkassen op 47th"]
[Site "Dortmund"]
[Date "2019.07.18"]
[Round "6"]
[White "Eckert, Marius"]
[Black "Farokhi, Keyvan"]
[Result "1-0"]
[WhiteElo "2090"]
[BlackElo "1946"]
[PlyCount "47"]
[EventDate "2019.07.13"]
[EventType "swiss"]
[EventRounds "9"]
[EventCountry "GER"]
[SourceTitle "EXT 2020"]
[Source "ChessBase"]
[SourceDate "2019.10.17"]
[SourceVersion "1"]
[SourceVersionDate "2019.10.17"]
[SourceQuality "1"]

1. d4 Nf6 2. Bf4 d5 3. e3 c5 4. c3 Nc6 5. Nd2 e6 6. Ngf3 Bd6 7. Bg3 0-0 8. Bd3 b6 9. e4 dxe4 10. Nxe4 Be7 11. dxc5 bxc5 12. Nxf6+ Bxf6 13. Qc2 h6 14. 0-0-0 Qa5 15. Bh7+ Kh8 16. Be4 Bb7 17. Rd7 Qa6 18. Rhd1 Rad8 19. Bd3 c4 20. Be4 Na5 21. Ne5 Bxe5 22. Rxd8 Nb3+ 23. Kb1 Nd2+ 24. R1xd2 1-0

[Event "Dortmund Sparkassen op 47th"]
[Site "Dortmund"]
[Date "2019.07.16"]
[Round "4"]
[White "Eckert, Marius"]
[Black "Prieb, Robert"]
[Result "0-1"]
[WhiteElo "2090"]
[BlackElo "1824"]
[PlyCount "70"]
[EventDate "2019.07.13"]
[EventType "swiss"]
[EventRounds "9"]
[EventCountry "GER"]
[SourceTitle "EXT 2020"]
[Source "ChessBase"]
[SourceDate "2019.10.17"]
[SourceVersion "1"]
[SourceVersionDate "2019.10.17"]
[SourceQuality "1"]

1. d4 Nf6 2. Bf4 g6 3. Nc3 d5 4. e3 Bg7 5. h4 c5 6. Nb5 Na6 7. c3 Bg4 8. Nf3 Qb6 9. a4 h5 10. Be2 Nd7 11. 0-0 0-0 12. Re1 Rfe8 13. Qd2 c4 14. e4 dxe4 15. Ng5 Bxe2 16. Qxe2 e5 17. Qxc4 Rf8 18. dxe5 Nxe5 19. Qxe4 Ng4 20. Re2 Nc5 21. Qc4 Ne6 22. Nxe6 fxe6 23. Bd6 Rfe8 24. a5 Qd8 25. Rxe6 Rxe6 26. Qxe6+ Kh7 27. Bg3 Qd2 28. Qb3 Re8 29. Qd1 Qxb2 30. Rb1 Qa2 31. Nd4 Qxa5 32. Nf3 b6 33. Qd7 Qf5 34. Ng5+ Kh6 35. Rd1 Qxd7 0-1

[Event "Rhein Main op-A 22nd"]
[Site "Bad Homburg"]
[Date "2019.06.22"]
[Round "5"]
[White "Schmitz, Tim"]
[Black "Eckert, Marius"]
[Result "0-1"]
[WhiteElo "1835"]
[BlackElo "2065"]
[PlyCount "66"]
[EventDate "2019.06.19"]
[EventType "swiss"]
[EventRounds "9"]
[EventCountry "GER"]
[SourceTitle "EXT 2020"]
[Source "ChessBase"]
[SourceDate "2019.10.17"]
[SourceVersion "1"]
[SourceVersionDate "2019.10.17"]
[SourceQuality "1"]

1. e4 e5 2. Nf3 Nc6 3. Bb5 Nge7 4. 0-0 g6 5. c3 Bg7 6. d4 exd4 7. cxd4 a6 8. Bc4 0-0 9. Nc3 d6 10. h3 b5 11. Bb3 Na5 12. Bc2 c5 13. Bg5 h6 14. Bxe7 Qxe7 15. Nd5 Qb7 16. Qd2 Nc6 17. Qf4 Nxd4 18. Nxd4 Bxd4 19. Qxh6 Be6 20. Nf4 Bc4 21. Rfd1 Bxb2 22. Rab1 Bg7 23. Qg5 Bxa2 24. Ra1 Bxa1 25. Rxa1 Bc4 26. h4 Rae8 27. h5 Qe7 28. Qh6 Qe5 29. Rxa6 g5 30. Ng6 fxg6 31. Ra7 Re7 32. Qxg6+ Rg7 33. Rxg7+ Qxg7 0-1

[Event "Rhein Main op-A 22nd"]
[Site "Bad Homburg"]
[Date "2019.06.20"]
[Round "2"]
[White "Eckert, Marius"]
[Black "Golubka, Petr"]
[Result "0-1"]
[WhiteElo "2065"]
[BlackElo "2498"]
[PlyCount "110"]
[EventDate "2019.06.19"]
[EventType "swiss"]
[EventRounds "9"]
[EventCountry "GER"]
[SourceTitle "EXT 2020"]
[Source "ChessBase"]
[SourceDate "2019.10.17"]
[SourceVersion "1"]
[SourceVersionDate "2019.10.17"]
[SourceQuality "1"]

1. d4 d5 2. Bf4 c6 3. e3 Nf6 4. Nd2 g6 5. Be2 Bg7 6. h3 Qb6 7. Qc1 c5 8. c3 Nc6 9. Ngf3 0-0 10. 0-0 Bf5 11. Ne5 Rac8 12. Nxc6 bxc6 13. Be5 Nd7 14. Bxg7 Kxg7 15. g4 Be6 16. f4 f6 17. Kg2 Bf7 18. Nf3 Rce8 19. Qd2 a5 20. h4 e5 21. fxe5 fxe5 22. Ng5 Bg8 23. Rxf8 Rxf8 24. Rf1 Re8 25. Bd1 h6 26. Nf3 e4 27. Ng1 Rb8 28. Rf2 cxd4 29. cxd4 Be6 30. Nh3 Nf6 31. g5 Bxh3+ 32. Kxh3 hxg5 33. hxg5 Nh7 34. Rg2 Rh8 35. Rg3 Nxg5+ 36. Kg2 Qd8 37. Qc3 Qc7 38. b3 Nf7 39. Bg4 Nd6 40. Qc5 Rf8 41. Qc3 Qf7 42. Qe1 Nf5 43. Bxf5 Qxf5 44. Qe2 Rf7 45. Qe1 g5 46. Qe2 Kg6 47. Kg1 Rf8 48. Kg2 Qf3+ 49. Rxf3 exf3+ 50. Qxf3 Rxf3 51. Kxf3 Kf5 52. e4+ dxe4+ 53. Ke3 g4 54. a3 g3 55. b4 a4 0-1

[Event "Gelsenkirchen Silvester op 6th"]
[Site "Gelsenkirchen"]
[Date "2018.12.28"]
[Round "4"]
[White "Adiyaman, Rene"]
[Black "Eckert, Marius"]
[Result "1-0"]
[WhiteElo "2172"]
[BlackElo "1996"]
[PlyCount "134"]
[EventDate "2018.12.27"]
[EventType "swiss"]
[EventRounds "7"]
[EventCountry "GER"]
[SourceTitle "CBM 188 Extra"]
[Source "ChessBase"]
[SourceDate "2019.02.28"]
[SourceVersion "1"]
[SourceVersionDate "2019.02.28"]
[SourceQuality "1"]

1. e4 e5 2. Nf3 Nc6 3. Bc4 Bc5 4. c3 Nf6 5. d3 0-0 6. Nbd2 d5 7. exd5 Nxd5 8. Ne4 Be7 9. 0-0 Nb6 10. Bb3 Bf5 11. Re1 Qd7 12. Bg5 Rad8 13. Bxe7 Qxe7 14. Qe2 Rfe8 15. Rad1 Bg6 16. Qe3 Nd5 17. Bxd5 Rxd5 18. Re2 b6 19. c4 Rdd8 20. Nc3 Bh5 21. Nd5 Qd6 22. Ree1 h6 23. Rd2 Bxf3 24. Qxf3 Nd4 25. Qh5 c6 26. Nc3 Re7 27. h3 f5 28. Ne2 Qf6 29. Kh1 Red7 30. Nxd4 Rxd4 31. Rde2 e4 32. dxe4 Rxe4 33. b3 Qe6 34. Qf3 Re8 35. Re3 Qe5 36. Rxe4 fxe4 37. Qe3 Rf8 38. Kg1 Qf6 39. Re2 Qa1+ 40. Kh2 Qe5+ 41. g3 Qf5 42. Kg2 Qf3+ 43. Kg1 Qxe3 44. Rxe3 Rd8 45. Rxe4 Rd1+ 46. Kg2 Rd2 47. a4 Kf7 48. Re3 Kf6 49. g4 Kf7 50. Kg3 g5 51. f4 gxf4+ 52. Kxf4 Kf6 53. h4 Rd4+ 54. Re4 Rd3 55. g5+ hxg5+ 56. hxg5+ Kf7 57. Re3 Rd6 58. Kf5 Rd1 59. g6+ Kf8 60. Re6 c5 61. Rf6+ Kg8 62. Rf7 Rd3 63. Rxa7 Rxb3 64. Kf6 Rf3+ 65. Ke5 Rg3 66. Ra6 Rxg6 67. a5 Rg4 1-0

[Event "Ruhrgebiet Verbandsklasse Gruppe 1 1718"]
[Site "Germany"]
[Date "2018.03.18"]
[Round "8.3"]
[White "Brendemuehl, Bernd"]
[Black "Eckert, Marius"]
[Result "1-0"]
[WhiteElo "1896"]
[BlackElo "2013"]
[PlyCount "97"]
[EventDate "2017.09.17"]
[EventType "team-tourn"]
[EventRounds "9"]
[EventCountry "GER"]
[SourceTitle "EXT 2022"]
[Source "ChessBase"]
[SourceDate "2021.10.06"]
[SourceVersion "1"]
[SourceVersionDate "2021.10.06"]
[SourceQuality "1"]
[WhiteTeam "Dortmund FS"]
[BlackTeam "Waltrop SV"]
[WhiteTeamCountry "GER"]
[BlackTeamCountry "GER"]

1. e4 e5 2. Nf3 Nc6 3. Bb5 a6 4. Ba4 Nf6 5. 0-0 Be7 6. Re1 b5 7. Bb3 0-0 8. c3 d6 9. h3 Na5 10. Bc2 c5 11. d4 Qc7 12. Nbd2 cxd4 13. cxd4 Nc6 14. Nb3 a5 15. Be3 a4 16. Nbd2 Nb4 17. Bb1 a3 18. bxa3 Rxa3 19. Nb3 Be6 20. d5 Bd7 21. Qd2 Ra4 22. Qb2 Na6 23. Rc1 Rc4 24. Bd3 Rxc1+ 25. Rxc1 Qb8 26. Na5 Rc8 27. Rxc8+ Qxc8 28. Bxb5 Bxb5 29. Qxb5 Nxe4 30. Nc6 Bf8 31. Qc4 Nac5 32. Ng5 Nxg5 33. Bxg5 Qa6 34. Qxa6 Nxa6 35. Bd8 f5 36. Ne7+ Bxe7 37. Bxe7 Nb4 38. Bxd6 Nxa2 39. Bxe5 Nb4 40. d6 Nc6 41. f4 Kf7 42. Kf2 g6 43. Ke3 Ke6 44. Kd3 Kd5 45. Kc3 Nd8 46. Bf6 Ne6 47. d7 Ke4 48. Kc4 h6 49. Be7 1-0

[Event "Gelsenkirchen Silvester op 5th"]
[Site "Gelsenkirchen"]
[Date "2017.12.28"]
[Round "3"]
[White "Eckert, Marius"]
[Black "Demond, Ricardo"]
[Result "1-0"]
[WhiteElo "2004"]
[BlackElo "1640"]
[PlyCount "115"]
[EventDate "2017.12.27"]
[EventType "swiss"]
[EventRounds "5"]
[EventCountry "GER"]
[SourceTitle "CBM 182 Extra"]
[Source "ChessBase"]
[SourceDate "2018.02.23"]
[SourceVersion "1"]
[SourceVersionDate "2018.02.23"]
[SourceQuality "1"]

1. d4 d5 2. Bf4 Bf5 3. e3 e6 4. c4 Nf6 5. Nc3 Bb4 6. Qb3 Bxc3+ 7. bxc3 b6 8. Be2 0-0 9. h3 h6 10. Nf3 Nbd7 11. 0-0 Qc8 12. Rac1 a5 13. a3 Qb7 14. cxd5 Nxd5 15. Bh2 c5 16. Nd2 N5f6 17. Nc4 Qc6 18. Nd6 Ra7 19. Bb5 Qa8 20. Qa4 Qd8 21. Rfd1 Ne4 22. Nxe4 Bxe4 23. dxc5 Qg5 24. Qxe4 Nxc5 25. Qf4 Qe7 26. Qd6 Qb7 27. Be5 f6 28. Bd4 Qc7 29. Bxc5 Qxc5 30. Qxe6+ Kh8 31. Qd6 Qc8 32. Rd4 Rc7 33. c4 Rc5 34. Rcd1 Kh7 35. Rd5 Rc7 36. Bd7 Qb8 37. Bf5+ g6 38. Qxc7+ Qxc7 39. Rd7+ Rf7 40. Rxc7 Rxc7 41. Rd7+ Rxd7 42. Bxd7 Kg7 43. Kf1 Kf7 44. Ke2 Ke7 45. Bb5 Kd6 46. Kd3 Kc5 47. e4 g5 48. g4 Kd6 49. Kd4 Ke6 50. Ba6 Kd6 51. Bb7 Ke6 52. Bd5+ Kd6 53. e5+ fxe5+ 54. Ke4 a4 55. f3 Kc5 56. Kxe5 b5 57. cxb5 Kxb5 58. f4 1-0

[Event "Ruhrgebiet Verbandsklasse Gruppe 1 1718"]
[Site "Germany"]
[Date "2017.11.05"]
[Round "3.3"]
[White "Schorra, Helmut"]
[Black "Eckert, Marius"]
[Result "1/2-1/2"]
[WhiteElo "2047"]
[BlackElo "2004"]
[PlyCount "38"]
[EventDate "2017.09.17"]
[EventType "team-tourn"]
[EventRounds "9"]
[EventCountry "GER"]
[SourceTitle "EXT 2022"]
[Source "ChessBase"]
[SourceDate "2021.10.06"]
[SourceVersion "1"]
[SourceVersionDate "2021.10.06"]
[SourceQuality "1"]
[WhiteTeam "Buer SF"]
[BlackTeam "Waltrop SV"]
[WhiteTeamCountry "GER"]
[BlackTeamCountry "GER"]

1. e4 e5 2. Nf3 Nf6 3. Nxe5 d6 4. Nf3 Nxe4 5. Nc3 Nxc3 6. dxc3 Be7 7. Be3 Nc6 8. Qd2 Be6 9. Be2 h6 10. Nd4 Nxd4 11. cxd4 d5 12. c3 c6 13. a4 Qd7 14. b4 0-0 15. 0-0 Bd6 16. Bf4 Bf5 17. Bxd6 Qxd6 18. Bd3 Bxd3 19. Qxd3 Rfe8 1/2-1/2

[Event "Ruhrgebiet Verbandsklasse Gruppe 2 1617"]
[Site "Germany"]
[Date "2017.03.12"]
[Round "8.3"]
[White "Kromat, Stefan"]
[Black "Eckert, Marius"]
[Result "0-1"]
[WhiteElo "1743"]
[BlackElo "1944"]
[PlyCount "76"]
[EventDate "2016.09.04"]
[EventType "team-tourn"]
[EventRounds "9"]
[EventCountry "GER"]
[SourceTitle "EXT 2022"]
[Source "ChessBase"]
[SourceDate "2021.10.06"]
[SourceVersion "1"]
[SourceVersionDate "2021.10.06"]
[SourceQuality "1"]
[WhiteTeam "Schueren"]
[BlackTeam "Waltrop SV"]
[WhiteTeamCountry "GER"]
[BlackTeamCountry "GER"]

1. d3 d5 2. Nd2 e5 3. e4 Nf6 4. Ngf3 Bc5 5. h3 0-0 6. Be2 Qe7 7. c3 Rd8 8. Qc2 a5 9. Nf1 Nc6 10. g4 a4 11. Ng3 b5 12. Bg5 Qe6 13. Nf5 b4 14. Rg1 a3 15. Bc1 axb2 16. Bxb2 bxc3 17. Bxc3 Bf8 18. Ng5 Qe8 19. Rb1 dxe4 20. dxe4 Nd4 21. Bxd4 exd4 22. Bc4 Be6 23. Nxe6 fxe6 24. g5 Nh5 25. Rb7 Kh8 26. Ng3 Qc6 27. Rb3 Nf4 28. Bd3 Qxc2 29. Bxc2 Rxa2 30. Bb1 Ra1 31. Kd2 c5 32. Ne2 Nxe2 33. Kxe2 c4 34. Rb7 Bd6 35. Kd2 Bf4+ 36. Kc2 Be5 37. g6 d3+ 38. Kc1 c3 0-1

[Event "Unna op"]
[Site "Unna"]
[Date "2016.12.28"]
[Round "3"]
[White "Schoetz, Hans Joachim"]
[Black "Eckert, Marius"]
[Result "1-0"]
[WhiteElo "1832"]
[BlackElo "1968"]
[PlyCount "85"]
[EventDate "2016.12.27"]
[EventType "swiss"]
[EventRounds "7"]
[EventCountry "GER"]
[SourceTitle "EXT 2018"]
[Source "ChessBase"]
[SourceDate "2017.10.13"]
[SourceVersion "1"]
[SourceVersionDate "2017.10.13"]
[SourceQuality "1"]

1. e4 e5 2. Nf3 Nc6 3. Bc4 Nf6 4. d3 Be7 5. c3 d6 6. h3 0-0 7. 0-0 Be6 8. Nbd2 Qd7 9. Ng5 Bxc4 10. Nxc4 d5 11. exd5 Qxd5 12. Qe2 Rad8 13. Nf3 Nd7 14. Ne3 Qe6 15. b4 f5 16. b5 Ncb8 17. Nc4 Bf6 18. Nd4 Qd5 19. Ne3 Qf7 20. Ndxf5 Rfe8 21. Ba3 Nf8 22. Ng4 Kh8 23. Bxf8 Qxf8 24. Nxf6 Qxf6 25. Ng3 Nd7 26. Ne4 Qg6 27. Qe3 Nb6 28. c4 Rd4 29. f4 Nxc4 30. Qe2 exf4 31. Rxf4 Nb6 32. Raf1 h6 33. Rf7 Rd7 34. Ng5 Rg8 35. Rxd7 Nxd7 36. Nf7+ Kh7 37. d4 Rf8 38. Qe7 Rxf7 39. Rxf7 Nf6 40. Qxc7 Nd5 41. Qxb7 Ne3 42. Qf3 Nxg2 43. Qf5 1-0

[Event "Gelsenkirchen Silvester op 3rd"]
[Site "Gelsenkirchen"]
[Date "2015.12.28"]
[Round "4"]
[White "Rohfleisch, Daniel"]
[Black "Eckert, Marius"]
[Result "1/2-1/2"]
[WhiteElo "1562"]
[BlackElo "1953"]
[PlyCount "25"]
[EventDate "2015.12.27"]
[EventType "swiss"]
[EventRounds "5"]
[EventCountry "GER"]
[SourceTitle "EXT 2019"]
[Source "ChessBase"]
[SourceDate "2018.10.10"]
[SourceVersion "1"]
[SourceVersionDate "2018.10.10"]
[SourceQuality "1"]

1. e4 e5 2. Nf3 Nc6 3. Nc3 Nf6 4. Bb5 Bc5 5. Nxe5 Nxe5 6. d4 Bd6 7. f4 Ng6 8. e5 Bb4 9. exf6 Qxf6 10. 0-0 Bxc3 11. Qe2+ Ne7 12. bxc3 0-0 13. Qe5 1/2-1/2

[Event "Ruhrgebiet Verbandsklasse Gruppe 1 1415"]
[Site "Germany"]
[Date "2015.03.29"]
[Round "8.4"]
[White "Eckert, Marius"]
[Black "Vengels, Joachim"]
[Result "1-0"]
[WhiteElo "1887"]
[BlackElo "1983"]
[PlyCount "85"]
[EventDate "2014.09.21"]
[EventType "team-tourn"]
[EventRounds "9"]
[EventCountry "GER"]
[SourceTitle "EXT 2022"]
[Source "ChessBase"]
[SourceDate "2021.10.06"]
[SourceVersion "1"]
[SourceVersionDate "2021.10.06"]
[SourceQuality "1"]
[WhiteTeam "Waltrop SV"]
[BlackTeam "Hervest Dorsten"]
[WhiteTeamCountry "GER"]
[BlackTeamCountry "GER"]

1. e4 e6 2. d4 d5 3. Nc3 Nf6 4. Bg5 Be7 5. e5 Nfd7 6. h4 h6 7. Bxe7 Qxe7 8. Qg4 f5 9. Qg3 a6 10. f4 c5 11. Nf3 Nc6 12. 0-0-0 0-0 13. h5 cxd4 14. Nxd4 Nxd4 15. Rxd4 Nc5 16. Qe3 Bd7 17. g4 fxg4 18. Be2 Bc6 19. Bxg4 a5 20. Be2 Rab8 21. Rg1 b5 22. f5 exf5 23. Nxd5 Bxd5 24. Rxd5 Nd7 25. Qa7 Rfd8 26. Bxb5 Ra8 27. Qd4 Nf8 28. Rd6 Kh8 29. Bc4 Nh7 30. Qf4 Re8 31. e6 Ng5 32. Rgd1 Qf6 33. Qd4 Qf8 34. Qd5 f4 35. Qd4 f3 36. e7 Rxe7 37. Rxh6+ Nh7 38. Bd3 f2 39. Rxh7+ Kg8 40. Qd5+ Qf7 41. Qxa8+ Re8 42. Qg2 Re1 43. Bc4 1-0

[Event "Ruhrgebiet Verbandsklasse Gruppe 1 1415"]
[Site "Germany"]
[Date "2014.12.14"]
[Round "4"]
[White "Korten, Lando"]
[Black "Eckert, Marius"]
[Result "0-1"]
[WhiteElo "1772"]
[BlackElo "1886"]
[PlyCount "126"]
[EventDate "2014.09.21"]
[EventType "team-tourn"]
[EventRounds "9"]
[EventCountry "GER"]
[SourceTitle "EXT 2022"]
[Source "ChessBase"]
[SourceDate "2021.10.06"]
[SourceVersion "1"]
[SourceVersionDate "2021.10.06"]
[SourceQuality "1"]
[WhiteTeam "Unna SV"]
[BlackTeam "Waltrop SV"]
[WhiteTeamCountry "GER"]
[BlackTeamCountry "GER"]

1. d4 Nf6 2. c4 e5 3. dxe5 Ng4 4. Nf3 Nc6 5. Bf4 Bb4+ 6. Nbd2 Qe7 7. a3 Ngxe5 8. Nxe5 Bxd2+ 9. Qxd2 Nxe5 10. e3 d6 11. Qc3 0-0 12. Be2 Re8 13. b4 b6 14. Rc1 Bb7 15. 0-0 Ng6 16. Bg3 Nh4 17. Qd4 Nxg2 18. Rc3 Qg5 19. Qg4 Qxg4 20. Bxg4 g5 21. c5 dxc5 22. bxc5 Nh4 23. cxb6 cxb6 24. Rc7 Nf3+ 25. Bxf3 Bxf3 26. Rb1 Rec8 27. Rxc8+ Rxc8 28. h4 Rc5 29. Kh2 g4 30. Bb8 Ra5 31. Rb3 b5 32. Rc3 a6 33. Be5 h6 34. h5 f5 35. Kg3 b4 36. axb4 Rxe5 37. Kf4 Rb5 38. Ra3 Rxb4+ 39. Kxf5 Rb5+ 40. Kf6 Rb6+ 41. Kf5 Kf7 42. e4 Rf6+ 43. Ke5 Re6+ 44. Kf5 g3 45. fxg3 Bxh5 46. e5 Bg6+ 47. Kf4 Rb6 48. Kf3 Ke6 49. Kf4 Bc2 50. Ra5 Bd3 51. Kg4 Be2+ 52. Kf4 Rb4+ 53. Ke3 Bb5 54. Ra3 Kxe5 55. Kf3 h5 56. Kg2 Ke4 57. Kf2 Rb2+ 58. Ke1 Bd3 59. Ra5 Rb5 60. Ra1 Rb1+ 61. Rxb1 Bxb1 62. Kf2 a5 63. Ke2 a4 0-1